| 000 | 00562nam a22001937a 4500 | ||
|---|---|---|---|
| 003 | OSt | ||
| 005 | 20151215132736.0 | ||
| 008 | 151215b xxu||||| |||| 00| 0 eng d | ||
| 020 | _a0855984643 | ||
| 040 | _cDDC | ||
| 082 | _a634.99DEV 2002 | ||
| 100 |
_aEdited by Steven Franzel;[et.....al] _96577 |
||
| 245 |
_aDevelopment and Agroforestry. _bScaling Up the Impacts of Research. |
||
| 260 |
_auk _bOxfam _c2002 |
||
| 300 |
_axii,202p; _bill; _c22cm |
||
| 504 | _aReferences,Resources and index are included | ||
| 650 |
_aDevelopment. _9612 |
||
| 942 |
_2ddc _cSLOAN |
||
| 999 |
_c2866 _d2866 |
||